5HLuxD.jpg

KING HENRY VIII SENIOR AND PRIMARY SCHOOL LIBRARY OPAC

Shadow bones : (Record no. 118)

000 -LEADER
fixed length control field 00822cam a2200253 a 4500
001 - CONTROL NUMBER
control field 12024917
003 - CONTROL NUMBER IDENTIFIER
control field OSt
005 - DATE AND TIME OF LATEST TRANSACTION
control field 20190726111030.0
008 - FIXED-LENGTH DATA ELEMENTS--GENERAL INFORMATION
fixed length control field 000530s1999 oru 000 1 eng
010 ## - LIBRARY OF CONGRESS CONTROL NUMBER
LC control number 00267630
020 ## - INTERNATIONAL STANDARD BOOK NUMBER
International Standard Book Number 1877655287
020 ## - INTERNATIONAL STANDARD BOOK NUMBER
International Standard Book Number 9781877655289
040 ## - CATALOGING SOURCE
Original cataloging agency DLC
Transcribing agency DLC
Modifying agency DLC
082 00 - DEWEY DECIMAL CLASSIFICATION NUMBER
Classification number FIC MEM
Edition number 21
100 1# - MAIN ENTRY--PERSONAL NAME
Personal name Memmott, David.
Relator term author
245 10 - TITLE STATEMENT
Title Shadow bones :
Remainder of title stories /
Statement of responsibility, etc. David Memmott.
250 ## - EDITION STATEMENT
Edition statement 1st ed.
260 ## - PUBLICATION, DISTRIBUTION, ETC.
Place of publication, distribution, etc. La Grande, OR :
Name of publisher, distributor, etc. Wordcraft of Oregon,
Date of publication, distribution, etc. 1999.
300 ## - PHYSICAL DESCRIPTION
Extent 116 p. ;
Dimensions 22 cm.
650 #0 - SUBJECT ADDED ENTRY--TOPICAL TERM
Topical term or geographic name entry element Science fiction, American.
906 ## - LOCAL DATA ELEMENT F, LDF (RLIN)
a 7
b cbc
c orignew
d 2
e ncip
f 20
g y-gencatlg
942 ## - ADDED ENTRY ELEMENTS (KOHA)
Source of classification or shelving scheme
Koha item type Books - Fiction
Holdings
Withdrawn status Lost status Source of classification or shelving scheme Damaged status Not for loan Collection code Permanent Location Current Location Shelving location Date acquired Full call number Barcode Date last seen Price effective from Koha item type
          Fiction KH8 Senior School Library KH8 Senior School Library Fiction 2019-07-26 FIC MEM 3KHSL000101182 2019-07-26 2019-07-26 Books - Fiction

Powered By KH8 IT Dept